000 00600nam a2200217Ia 4500
005 20250508164139.0
008 008 250505s9999 xx 000 0 eng d
020 _a81-87374-38-1
037 _aTextBook
040 _aFEDL
_beng
_cFEDL
041 _aeng
_2eng
084 _a378.954, MIT
_qFEDL
100 _aMitra C R
245 0 _aHigher education in changing scenarios
260 _aNew Delhi, India
_bSamskriti
_c2005
300 _axiii,409p
365 _aINR
_b850
650 _aHigher Education - India
_9227200
942 _cTB
_h378.954, MIT
999 _c1387315
_d1387315